Právny štát v histórii a súčasnosti

Referáty z konferencie na tému "Právny štát v histórii a súčasnosti", ktorá sa konala 4.-6. okt. 1995 v Piešťanoch. Autori referátov: Colotka, P., Bröstl, A., Bárány, E., Gerloch, A., Hohoš, L., Beneš, Š., Orosz, L., Dobrovičová, G., Macháček, L., Čipkár, J., Večeřa, M., Gajdošíková, Ľ., Čambáliková...

Full description

Saved in:
Bibliographic Details
Format: Book Chapter
Language:Slovak
Subjects:
Tags: Add Tag
No Tags, Be the first to tag this record!

MARC

LEADER 00000naa a2200000 4500
001 r020125
005 20221205102609.5
041 0 |a slo 
044 |a SK 
245 1 0 |a Právny štát v histórii a súčasnosti 
520 |a Referáty z konferencie na tému "Právny štát v histórii a súčasnosti", ktorá sa konala 4.-6. okt. 1995 v Piešťanoch. Autori referátov: Colotka, P., Bröstl, A., Bárány, E., Gerloch, A., Hohoš, L., Beneš, Š., Orosz, L., Dobrovičová, G., Macháček, L., Čipkár, J., Večeřa, M., Gajdošíková, Ľ., Čambáliková, M., Kanárik, I., Houbová, D. 
610 2 0 |a štát 
610 2 0 |a štát právny 
610 2 0 |a právo 
610 2 0 |a história 
610 2 0 |a pojmy 
610 2 0 |a právo štátne 
610 2 0 |a konferencie 
610 2 0 |a Piešťany 
610 2 0 |a 1995